000 00194 a2200097 4500
001 2828
100 _aCowley, A
245 _aPoetry and prose
260 _a
_bClarendon
_c
090 _c2123
_d2123
942 _aNUST-CAE
_cM
_c12481
999 _c237901
_d237901